| 000 | 00356nam a22001337a 4500 | ||
|---|---|---|---|
| 020 | _a9781259835704 | ||
| 082 |
_a629.13435 _bWIL |
||
| 100 |
_aWild, Thomas W. _983814 |
||
| 245 |
_aAircraft Powerplants / _cThomas W. Wild |
||
| 250 | _a9th Ed. | ||
| 260 |
_aUSA: _bMcGraw Hill Education, _c2018. |
||
| 300 |
_axv,697p. _bPaperback, _c28cm. |
||
| 942 |
_2ddc _cBK |
||
| 999 |
_c593549 _d593549 |
||